| 000 | 00822nam a22002297a 4500 | ||
|---|---|---|---|
| 005 | 20160525142534.0 | ||
| 010 | _a1516ENO7 ENG-114724 | ||
| 020 |
_a9789331326829 _c495.00 |
||
| 035 | _aEN-98256 | ||
| 035 | _aB-606269-286 | ||
| 037 |
_adpl _bPrabahat/Ven |
||
| 037 | _bDBAD/PUB | ||
| 082 | _a025.0202854 | ||
| 100 | _aSaravanan, T. | ||
| 245 |
_aLibrary automation / _cby Sarvanan T. |
||
| 260 |
_aNew Delhi _bA.P.H. Publishing _c2015 |
||
| 270 |
_a4435-36/7, Ansari Road, Darya Ganj _bNew Delhi _e110002 |
||
| 300 |
_axii,400p. : _c22cm(pbk) _bill. |
||
| 500 | _aIncludes bibliographical references and index | ||
| 942 |
_2ddc _cEN _mSAR _h025.0202854 |
||
| 999 |
_c96375 _d96375 |
||